| 000 | 00851cam a2200313 4500500 | ||
|---|---|---|---|
| 005 | 20260329005029.0 | ||
| 041 | _afre | ||
| 042 | _adc | ||
| 100 | 1 | 0 |
_aComte-Sponville, André _eauthor |
| 245 | 0 | 0 | _aAdieu à Marcel Conche, un sage contemporain |
| 260 | _c2022. | ||
| 500 | _a100 | ||
| 690 | _aAndré Comte-Sponville | ||
| 690 | _aAthéisme | ||
| 690 | _aFragments | ||
| 690 | _aGrèce | ||
| 690 | _aHéraclite | ||
| 690 | _aHommage | ||
| 690 | _aMarcel Conche | ||
| 690 | _aMétaphysique | ||
| 690 | _aMorale | ||
| 690 | _aMort | ||
| 690 | _aNature | ||
| 690 | _aPrésocratiques | ||
| 690 | _aSagesse | ||
| 690 | _aSpinoza | ||
| 786 | 0 | _nPhilosophie magazine | 158 | 4 | 2022-04-01 | p. 5-5 | 1951-1787 | |
| 856 | 4 | 1 | _uhttps://shs.cairn.info/magazine-philosophie-magazine-2022-4-page-5?lang=fr&redirect-ssocas=7080 |
| 999 |
_c1839627 _d1839627 |
||